Női kereskedelmi szaktanfolyam
Správa o tom, že vyššia obchodná škola v Humennom zorganizuje od 1. septembra 1914 odborné kurzy pre ženy. Podmienkou je ukončenie 4 tried meštianskej školy, alebo patričné vzdelanie z oblasti matematiky, maďarského jazyka a zemepisu.
| Médium: | Článok |
|---|---|
| Jazyk: | Hungarian |
| Témy: | |
| Zdroj: |
1. Felvidéki Hirlap 1. Roč. 7, č. 25 (28.06.1914) s. 2 |
| LEADER | 01030nab#a2200313#ar4500 | ||
|---|---|---|---|
| 001 | 000074535 | ||
| 003 | SVKKK | ||
| 005 | 20041220xxxxxxx. | ||
| 008 | 06 c xo huno | ||
| FMT | |||
| 038 | |a SVKKK | ||
| 040 | |a SVKKK |b slo |e AACR2 | ||
| 041 | 0 | |a hun | |
| 044 | |a xo |c SK | ||
| 080 | |a 374 | ||
| 080 | |a 377 | ||
| 242 | 1 | 0 | |a Odborný kurz pre ženy |
| 245 | 0 | 0 | |a Női kereskedelmi szaktanfolyam |
| 500 | |a mikrofilm | ||
| 520 | 2 | |a Správa o tom, že vyššia obchodná škola v Humennom zorganizuje od 1. septembra 1914 odborné kurzy pre ženy. Podmienkou je ukončenie 4 tried meštianskej školy, alebo patričné vzdelanie z oblasti matematiky, maďarského jazyka a zemepisu. | |
| 650 | 0 | 4 | |a kurzy pre ženy - vyššia obchodná škola, Humenné (organizátor) - podmienky - Humenné - 1.09.1914 - správy |
| 773 | 0 | |t Felvidéki Hirlap |g Roč. 7, č. 25 (28.06.1914) s. 2 | |
| 957 | |a Humenné | ||
| 958 | |a DG | ||
| 958 | |a SK | ||
| 974 | |a Ba |d 20041220 | ||
| 992 | |a RBX | ||
| BAS | |||
| 998 | |a RETRO | ||